[Event "Mittelrhein Verbandsliga Ost 1314"]
[Site "Mittelrhein"]
[Date "2014.04.06"]
[Round "9.6"]
[White "Seyl, Frank"]
[Black "Laeufer, Juergen"]
[Result "1-0"]
[WhiteElo "1867"]
[BlackElo "1742"]
[PlyCount "71"]
[EventDate "2013.09.15"]
[EventType "team-tourn"]
[EventRounds "11"]
[EventCountry "GER"]
[SourceTitle "EXT 2023"]
[Source "ChessBase"]
[SourceDate "2022.10.05"]
[SourceVersion "1"]
[SourceVersionDate "2022.10.05"]
[SourceQuality "1"]
[WhiteTeam "Godesberg IV"]
[BlackTeam "Bergische SF II"]
[WhiteTeamCountry "GER"]
[BlackTeamCountry "GER"]

1. d4 d5 2. Nf3 c6 3. c4 e6 4. Nc3 Bd6 5. Bg5 Ne7 6. e3 Nd7 7. Bd3 f6 8. Bh4 Nf8 9. Qc2 Nfg6 10. Bg3 0-0 11. Bxd6 Qxd6 12. h4 f5 13. h5 Nh8 14. Ne5 Nf7 15. f4 dxc4 16. Nxc4 Qc7 17. g4 b5 18. Ne5 Nxe5 19. fxe5 Bd7 20. 0-0-0 Qa5 21. Kb1 Rab8 22. gxf5 Nxf5 23. Rh3 Rf7 24. Ne4 h6 25. Rg1 Kh8 26. Nc5 Qd8 27. Qg2 Qe7 28. Qg6 Rbf8 29. Ne4 Qb4 30. Ng5 hxg5 31. h6 gxh6 32. Bxf5 Rg7 33. Rxh6+ Kg8 34. Bxe6+ Bxe6 35. Qxe6+ Rff7 36. Rgh1 1-0

[Event "Mittelrhein Verbandsliga Ost 1314"]
[Site "Mittelrhein"]
[Date "2014.03.09"]
[Round "8.6"]
[White "Laeufer, Juergen"]
[Black "Sanders, Frank"]
[Result "0-1"]
[WhiteElo "1742"]
[BlackElo "1933"]
[PlyCount "140"]
[EventDate "2013.09.15"]
[EventType "team-tourn"]
[EventRounds "11"]
[EventCountry "GER"]
[SourceTitle "EXT 2023"]
[Source "ChessBase"]
[SourceDate "2022.10.05"]
[SourceVersion "1"]
[SourceVersionDate "2022.10.05"]
[SourceQuality "1"]
[WhiteTeam "Bergische SF II"]
[BlackTeam "Lohmar"]
[WhiteTeamCountry "GER"]
[BlackTeamCountry "GER"]

1. e4 e6 2. Nc3 d5 3. d4 Bb4 4. e5 Ne7 5. Bd2 Nf5 6. Nf3 c5 7. Bb5+ Nc6 8. Ne2 Bxd2+ 9. Qxd2 Qb6 10. Bxc6+ bxc6 11. c3 cxd4 12. Nfxd4 Nxd4 13. cxd4 c5 14. 0-0 cxd4 15. Nxd4 0-0 16. Rfc1 Bd7 17. Rc3 f6 18. exf6 Rxf6 19. Re1 Raf8 20. Rf3 Qd6 21. Rxf6 gxf6 22. Re3 e5 23. Rg3+ Kh8 24. Nf3 Rg8 25. Nh4 d4 26. Rxg8+ Kxg8 27. Nf3 Bc6 28. Nh4 Qd5 29. b3 Qe4 30. Nf3 Kf7 31. h3 Qb1+ 32. Ne1 Qa1 33. Kh2 Qc3 34. Qe2 e4 35. Nc2 Ke7 36. Qd1 Qd3 37. Qc1 Qc3 38. Qd1 d3 39. Ne3 Qe5+ 40. g3 Bd7 41. Qd2 Qe6 42. Qb4+ Kf7 43. Kg1 Qc6 44. Kg2 Bc8 45. Qc4+ Qxc4 46. Nxc4 Ke6 47. g4 Ba6 48. Nd2 Ke5 49. Kg3 Bb7 50. a3 f5 51. gxf5 Kxf5 52. a4 a5 53. Kg2 h5 54. Kf1 Bd5 55. Ke1 h4 56. Kd1 Ke5 57. Kc1 Kd4 58. Kb2 Be6 59. b4 axb4 60. a5 Bxh3 61. a6 Bc8 62. a7 Bb7 63. Kb3 h3 64. Nf1 Bd5+ 65. Kxb4 h2 66. Ng3 h1Q 67. Nxh1 d2 68. Ng3 d1Q 69. Nf5+ Ke5 70. Ne3 Qd4+ 0-1